000 01371nam a2200349 a 4500
001 ebr10226772
003 CaPaEBR
006 m u
007 cr cn|||||||||
008 070720s2008 njua sb 001 0 eng
010 _z 2007029932
015 _aGBA777164
_2bnb
016 7 _z014015889
_2Uk
020 _z9780470124666 (cloth)
020 _z0470124660 (cloth)
040 _aCaPaEBR
_cCaPaEBR
035 _a(OCoLC)608622464
043 _an-us---
050 1 4 _aRA645.O23
_bF56 2008eb
082 0 4 _a362.196/39800973
_222
100 1 _aFinkelstein, Eric.
245 1 4 _aThe fattening of America
_h[electronic resource] :
_bhow the economy makes us fat, if it matters, and what to do about it /
_cEric A. Finkelstein, Laurie Zuckerman.
260 _aHoboken, N.J. :
_bWiley,
_cc2008.
300 _axiii, 274 p. :
_bill.
504 _aIncludes bibliographical references and index.
533 _aElectronic reproduction.
_bPalo Alto, Calif. :
_cebrary,
_d2013.
_nAvailable via World Wide Web.
_nAccess may be limited to ebrary affiliated libraries.
650 0 _aObesity
_xEconomic aspects
_zUnited States.
655 7 _aElectronic books.
_2local
700 1 _aZuckerman, Laurie,
_d1972-
710 2 _aebrary, Inc.
856 4 0 _uhttp://site.ebrary.com/lib/rucke/Doc?id=10226772
_zAn electronic book accessible through the World Wide Web; click to view
999 _c28769
_d28769